00410nam a2200157Ia 45000010006000000050017000060080041000230410008000640820024000721000023000962450082001192600009002013000028002106500006002386540008002442313920260414150917.0260414t2018||||xx |||||||||||||| ||spa|| aESP a624.18341bP43 T. 2 aPerles, PedroeAUT 0aHormigón armado :bintroducción a la nueva norma CIRSOC 201-05-A.C.I. 318 c2018 a162 páginas :c28 cm. a0 aCIC